00863nam a2200193Ia 4500003000900000008004100009020001800050040001600068080002300084111014000107245023800247260004200485300001500527650004100542650001300583650002300596700002500619700002500644IN-BaIIA211028s9999 xx 000 0 eng d a90-277-2187-4 cIIA Library a52(082.1)bASS-122 aWorkshop of the Advanced School of Astronomy of the "Ettore Majorana" Centre for Scientific Culturen4thcErice, Italyd1985 Mar. 12-22 0aSpectral Evolution of Galaxiesbproceedings of the fourth Workshop of the Advanced School of Astronomy of the "Ettore Majorana" Centre for Scientific Culture, Erice, Italy, March 12-22, 1985cedited by Cesare Chiosi and Alvio Renzini aDordrechtbD. Reidel Publishingc1986 axii, 490p. aAstronomy and Astrophysics Thesaurus aGalaxies aSpectral Evolution aChiosi, Cesare., ed. aRenzini, Alvio., ed.